| 000 | 00454nam a22001817a 4500 | ||
|---|---|---|---|
| 003 | OSt | ||
| 008 | 220409b ||||| |||| 00| 0 eng d | ||
| 020 | _a9789380896984 | ||
| 082 | _a510 BHE | ||
| 100 | _aBHATIA, H.K & Others | ||
| 245 | _aElement of Business Mathematics | ||
| 250 |
_a2nd _b2022 |
||
| 260 |
_aNew Delhi _bJeevansons Publications _c2022 |
||
| 300 | _a8.26 | ||
| 650 | _aB.COM. Commerce | ||
| 700 | _aMalik, S.B. | ||
| 942 |
_2ddc _cBK |
||
| 999 |
_c11118 _d11118 |
||